| 000 | 00602nam a2200193Ia 4500 | ||
|---|---|---|---|
| 003 | IN-BaIIA | ||
| 008 | 211028s9999 xx 000 0 eng d | ||
| 040 | _cIIA Library | ||
| 080 |
_a621.3 _bLAD |
||
| 100 |
_aLander, A. W. _910654 |
||
| 245 | 0 |
_aShortwave Wireless Communications _bincluding ultra-shortwaves _cA. W. Lander and C. R. Stoner |
|
| 250 | _a4th ed. | ||
| 260 |
_aLondon _bChapman and Hall _c1946 |
||
| 300 | _axiii, 573p. | ||
| 650 | _aNASA Thesaurus | ||
| 650 |
_aRadio Engineering _91656 |
||
| 700 |
_aStoner, C. R. _910655 |
||
| 942 | _cBK | ||
| 999 |
_c6171 _d6171 |
||